Modelling of the deformation of highly porous metals and alloys under dynamic loading; AIP Conference Proceedings; Vol. 1623 : International Conference on Physical Mesomechanics of Multilevel Systems 2014, Tomsk, Russia, 3–5 September 2014
| Parent link: | AIP Conference Proceedings Vol. 1623 : International Conference on Physical Mesomechanics of Multilevel Systems 2014, Tomsk, Russia, 3–5 September 2014.— 2014.— [P. 315-318] |
|---|---|
| Autor corporatiu: | |
| Altres autors: | , , , , |
| Sumari: | Title screen The study represents the analysis of numerical simulation of the failure of aluminum targets made of highly porous or solid 2024 alloy under dynamic loading. The calculations employed the finite elements method in three-dimensional formulation with the use of proprietary programs. The article presents the results of the numerical simulation of Taylor’s test for the projectile made of highly porous aluminum 2024 alloy at the velocities of 75 to 175 m/s. These results are in a good agreement with the results of the experiments. The peculiarities of the destruction of highly porous aluminum targets are shown. Режим доступа: по договору с организацией-держателем ресурса |
| Idioma: | anglès |
| Publicat: |
2014
|
| Matèries: | |
| Accés en línia: | http://dx.doi.org/10.1063/1.4901487 http://earchive.tpu.ru/handle/11683/35716 |
| Format: | MixedMaterials Electrònic Capítol de llibre |
| KOHA link: | https://koha.lib.tpu.ru/cgi-bin/koha/opac-detail.pl?biblionumber=641793 |
MARC
| LEADER | 00000nla2a2200000 4500 | ||
|---|---|---|---|
| 001 | 641793 | ||
| 005 | 20231101134201.0 | ||
| 035 | |a (RuTPU)RU\TPU\network\6710 | ||
| 035 | |a RU\TPU\network\6708 | ||
| 090 | |a 641793 | ||
| 100 | |a 20150602a2014 k y0engy50 ba | ||
| 101 | 0 | |a eng | |
| 102 | |a US | ||
| 105 | |a y z 100zy | ||
| 135 | |a drcn ---uucaa | ||
| 181 | 0 | |a i | |
| 182 | 0 | |a b | |
| 200 | 1 | |a Modelling of the deformation of highly porous metals and alloys under dynamic loading |f М. N. Krivosheina [et al.] | |
| 203 | |a Text |c electronic | ||
| 300 | |a Title screen | ||
| 320 | |a [References: p. 314 (8 tit.)] | ||
| 330 | |a The study represents the analysis of numerical simulation of the failure of aluminum targets made of highly porous or solid 2024 alloy under dynamic loading. The calculations employed the finite elements method in three-dimensional formulation with the use of proprietary programs. The article presents the results of the numerical simulation of Taylor’s test for the projectile made of highly porous aluminum 2024 alloy at the velocities of 75 to 175 m/s. These results are in a good agreement with the results of the experiments. The peculiarities of the destruction of highly porous aluminum targets are shown. | ||
| 333 | |a Режим доступа: по договору с организацией-держателем ресурса | ||
| 461 | 0 | |0 (RuTPU)RU\TPU\network\4816 |t AIP Conference Proceedings | |
| 463 | 0 | |0 (RuTPU)RU\TPU\network\4814 |t Vol. 1623 : International Conference on Physical Mesomechanics of Multilevel Systems 2014, Tomsk, Russia, 3–5 September 2014 |o [proceedings] |f National Research Tomsk Polytechnic University (TPU) |v [P. 315-318] |d 2014 | |
| 610 | 1 | |a электронный ресурс | |
| 610 | 1 | |a труды учёных ТПУ | |
| 610 | 1 | |a численное моделирование | |
| 610 | 1 | |a металлы | |
| 610 | 1 | |a твердые сплавы | |
| 610 | 1 | |a динамические нагрузки | |
| 610 | 1 | |a мишени | |
| 610 | 1 | |a разрушения | |
| 701 | 1 | |a Krivosheina |b М. N. | |
| 701 | 1 | |a Tuch |b Е. V. | |
| 701 | 1 | |a Kobenko |b S. V. | |
| 701 | 1 | |a Kozlova |b М. А. | |
| 701 | 1 | |a Konysheva |b I. Yu. |c physicist |c Assistant of the Department of Tomsk Polytechnic University |f 1982- |g Irina Yurievna |2 stltpush |3 (RuTPU)RU\TPU\pers\34769 | |
| 712 | 0 | 2 | |a Национальный исследовательский Томский политехнический университет (ТПУ) |b Институт физики высоких технологий (ИФВТ) |b Кафедра теоретической и прикладной механики (ТПМ) |h 71 |2 stltpush |3 (RuTPU)RU\TPU\col\18695 |
| 801 | 2 | |a RU |b 63413507 |c 20170109 |g RCR | |
| 856 | 4 | |u http://dx.doi.org/10.1063/1.4901487 | |
| 856 | 4 | |u http://earchive.tpu.ru/handle/11683/35716 | |
| 942 | |c CF | ||